Τα επιτόκια εν τη ελληνική χρηματαγορά

Αποθηκεύτηκε σε:
Λεπτομέρειες βιβλιογραφικής εγγραφής
Κύριος συγγραφέας: Λοβέρδος, Αλέξανδρος Ι.
Μορφή: Βιβλίο
Γλώσσα:Greek
Δημοσίευση: Αθήναι : [Τύποις "Τα Χρονικά"], 1936.
Θέματα:
Ετικέτες: Προσθήκη ετικέτας
Δεν υπάρχουν, Καταχωρήστε ετικέτα πρώτοι!

MARC

LEADER 00000cam a2200000 i 4500
001 1/35320
008 130823s1936 gr | ||| |||| ||gre||
035 |l 10115436 
040 |a GR-MyUA  |b gre  |e AACR2 
041 0 |a gre 
082 0 |a 332  |2 (22) 
100 1 |a Λοβέρδος, Αλέξανδρος Ι. 
245 1 3 |a Τα επιτόκια εν τη ελληνική χρηματαγορά /   |c Αλ. Ι. Λοβέρδου.  
260 |a Αθήναι :   |b [Τύποις "Τα Χρονικά"],   |c 1936.  
300 |a 95 σ. :   |b πιν. ;   |c 25 εκ.  
500 |a Στο recto σφραγίδες "Δημόσια Εμπορική Σχολή Σάμου εν Καρλοβασιω" και "Γενικόν Ταμείον Επαγγελματικής Εκπαιδεύσεως".  
500 |a "Εβραβεύθη υπο της Ακαδημίας Αθηνών".  
650 0 0 |a Interest rates. 
650 0 0 |a Capital market  |z Greece. 
852 |a INST  |b SAMOS  |c PORFYRIADA  |e 20130823  |h 332 ΛΟΒ  |p 005300040437  |q 005300040437  |t NOLOAN  |y 23 
901 |a BIBL3-2013-2 
909 |a Σ  |b 178668 
970 |a ΚΟΣΙΕΡΗΣ  |b ΧΡΗΣΤΟΣ  |z 2013/07/22